Statistics for Cities with the Most Michelin Stars

Click here to take the quiz!

General Stats

  • This quiz has been taken 20,330 times
    (20,107 since last reset)
  • The average score is 11 of 20

Answer Stats

# StarsCity% Correct
99New York City
98%
134Paris
97%
79London
95%
304Tokyo
85%
26Berlin
80%
22Milan
68%
30Barcelona
67%
35Chicago
62%
35Shanghai
55%
27Amsterdam
54%
87Hong Kong
51%
46San Francisco
51%
31Seoul
46%
31Brussels
45%
34Singapore
43%
117Osaka
40%
23Lyon
35%
135Kyoto
27%
46Kobe
9%
24Macau
9%

Score Distribution

Percentile by Number Answered

Percent of People with Each Score

Your Score History

You have not taken this quiz since the last reset